Une image recurrente:L'espagne vue par la publicite touristique
Saved in:
| Main Author: | |
|---|---|
| Format: | Book |
| Language: | French |
| Published: |
Paris :
Centre des hautes etudes touristiques,
1992
|
| Series: | Cahiers du tourisme. Serie B ;
; 70 |
| Subjects: | |
| Tags: |
Add Tag
No Tags, Be the first to tag this record!
|
MARC
| LEADER | 00000nam a2200000 i 4500 | ||
|---|---|---|---|
| 001 | 1/68007 | ||
| 008 | 960619s fre d | ||
| 035 | |l 10030115 | ||
| 040 | |a GR-MY-UA |b gre |e aacr | ||
| 041 | 0 | |a fre | |
| 082 | 0 | |a 338.4791 | |
| 100 | 1 | |a Poutet, Monsieur H. | |
| 245 | 1 | 4 | |a Une image recurrente:L'espagne vue par la publicite touristique / |c Monsieur H.Poutet |
| 260 | |a Paris : |b Centre des hautes etudes touristiques, |c 1992 | ||
| 490 | 1 | |a Cahiers du tourisme. Serie B |v ; 70 | |
| 650 | 0 | 0 | |a Tourism. |
| 830 | 0 | |a Cahiers du tourisme. Serie B ; |v ; 70 | |
| 852 | |a INST |b CHIOS |e 19960619 |h 338.4791 POU |p 005200007680 |q 005200007680 |t BK |y 0 | ||
| 909 | |a Χ |b 032086 | ||